000 00633nam a2200181Ia 4500
008 100920s9999 xx 000 0 und d
082 _b68229
_a--- थ 92
100 _aसोनवणी संजय.
245 _aआभाळात गेलेली माणसं !.
260 _bउमा प्रकाशन, पुणे.
_c1992
300 _a124
_bसाधी
365 _b62
520 _aकादंबरी.
630 _aआभाळात गेलेली माणसं !.
650 _aकादंबरी.
730 _aआभाळात गेलेली माणसं !.
942 _cBOOK
999 _c710555
_d710552